000 00616nam a22002537a 4500
003 UA-OsUOA
001 28520
007 ta
008 20050404b un ||||| |||| 00| 0 ukr d
100 _aВедунг Еверт
090 _a321:351
_bВ26
942 _cBK
040 _aUA-OsUOA
_bukr
_cUA-OsUOA
_dUA-OsUOA
245 _aОцінювання державної політики і програм
300 _a350 с.
955 _a0
041 _aukr
080 _a321:351
020 _a966-520-049-6
260 _aК.
_bВсеувито
_c2003
044 _aUA
650 7 _2UDC
999 _c314889
_d314889